| 000 | 01069naa a22002897a 4500 | ||
|---|---|---|---|
| 001 | BR8301867 | ||
| 003 | BR-BrBNA | ||
| 005 | 20240918175231.0 | ||
| 007 | ta | ||
| 008 | 230509b bl.||||| |||| 00| 0 por d | ||
| 040 |
_aBR-BrBNA _bpor _cBiblioteca Nacional de Agricultura |
||
| 041 | _a(Es) | ||
| 072 |
_aQ10; Q20 _b9205 |
||
| 090 | _aQ10 BR8301867 | ||
| 100 | 1 | _aMejia, G.R. | |
| 111 | 1 |
_a1. Seminario Latino-Americano de Perdas Pos-Colheita de Graos _cVicosa, MG (Brazil) _d20-24 Sep 1982 |
|
| 245 | 1 | _aEl secado y las perdidas de los granos [grao, secagem, deterioracao] | |
| 260 | 3 |
_aVicosa, MG (Brasil): _c1983. |
|
| 500 | _aAnais do 1. Seminario Latino-Americano de Perdas Pos-Colheita de Graos Vicosa, MG (Brasil): 1983. p. 31-40 (BR8301867-AM)Q10 | ||
| 650 | _aGRAO | ||
| 650 | _aSECAGEM | ||
| 650 | _aDETERIORACAO | ||
| 650 | _aTEMPERATURA | ||
| 773 | 0 |
_tAnais do 1. Seminario Latino-Americano de Perdas Pos-Colheita de Graos _wQ10 BR8301867 _gVicosa, MG (Brasil), 1983. p. 31-40 |
|
| 909 |
_a202404 _bLucia _c55 _dLucia Elande |
||
| 942 |
_cAM _2AGRIS |
||
| 999 |
_c315781 _d315781 |
||